000 00901nam a22002531 4500
001 105730
003 ES-MaACL
005 20230906183948.0
007 t|
008 060811s1955 sp ||||0| spa d
040 _aM-BN
_bspa
_cA2
080 _a821.134.2 García Lorca, Federico 1.06
100 1 _aFlys, Miguel J.
_951377
245 1 3 _aEl lenguaje poético de Federico Garcia Lorca /
_cJaroslaw M. Flys.
260 _aMadrid :
_bGredos,
_c[1955]
300 _a243 p. ;
_c21 cm.
490 1 _aBiblioteca románica hispánica. II. Estudios y ensayos ;
_v23
500 _aBiblioteca Juan Andrade.
600 1 4 _aGarcía Lorca, Federico,
_d1898-1936-
_xCrítica e interpretación
_954857
830 0 _aBiblioteca románica hispánica. II. Estudios y ensayos ;
_v23
_9178108
852 _aES-MaACL
_jAND-547
_bR.109846
852 _aES-MaACL
_jC-9987
_bR.38205
999 _c105730
_d105730